000 00284 a2200121 4500
999 _c30048
_d30048
003 NUST
005 20180118122026.0
008 180118b xxu||||| |||| 00| 0 eng d
082 _a530.12
100 _aCohen, Doron
_98700
245 _aLecture Notes in Quantum Mechanics
_cDoron Cohan
260 _aIsrael
_c2005
300 _a239p
942 _aSNS
_cBK
_k530.12 COH
_2ddc